01983nam a2200337 a 4500001001200000003000800012006001900020007001500039008004100054010001700095020004300112020004000155020002700195040002100222035002100243050002300264082001900287100002100306245013500327260006100462300002400523504006600547505062100613533015201234650004001386655002901426700003001455710001701485856012601502999001701628ebr10635022CaPaEBRm u cr cn|||||||||061128s2007 njua sb 001 0 eng d z 2006039516 z9780813541693 (hardcover : alk. paper) z0813541697 (hardcover : alk. paper) z9780813560526 (e-book) aCaPaEBRcCaPaEBR a(OCoLC)83520404214aRC485b.S56 2007eb04a616.89/1222221 aShorter, Edward.10aShock therapyh[electronic resource] :ba history of electroconvulsive treatment in mental illness /cEdward Shorter, David Healy. aNew Brunswick, N.J. :bRutgers University Press,cc2007. axii, 382 p. :bill. aIncludes bibliographical references (p. [299]-362) and index.0 aThe penicillin of psychiatry? -- "Some experiments on the biological influencing of the course of schizophrenia" -- "Madness cured with electricity" -- From the university clinic to the psychiatric institute: shock therapy goes global -- The couch or the treatment table? -- "ECT does not create zombies" -- "They're going to fry your brains!" -- The end of "Bedlam" and the age of psychopharmacology -- The swinging pendulum: the effects of politics, law, and changes in medical culture on ECT -- Electrogirl and the new ECT -- Magnets and implants: new therapies for a new century? -- Epilogue: irrational science. aElectronic reproduction.bPalo Alto, Calif. :cebrary,d2013.nAvailable via World Wide Web.nAccess may be limited to ebrary affiliated libraries. 0aElectroconvulsive therapyxHistory. 7aElectronic books.2local1 aHealy, David,cMRC Psych.2 aebrary, Inc.40uhttp://site.ebrary.com/lib/rucke/Doc?id=10635022zAn electronic book accessible through the World Wide Web; click to view c47916d47916